000 00666cam a2200217 4500500
005 20260405002614.0
041 _afre
042 _adc
100 1 0 _aLegros, Martin
_eauthor
245 0 0 _aÉric Dupond-Moretti-Yves Michaud. Comment peut-on défendre un terroriste ?
260 _c2018.
500 _a82
690 _aDroit
690 _aÉric Dupond-Moretti
690 _aJustice
690 _aTerrorisme
690 _aViolence
690 _aYves Michaud
786 0 _nPhilosophie magazine | 116 | 2 | 2018-02-01 | p. 2-4 | 1951-1787
856 4 1 _uhttps://shs.cairn.info/magazine-philosophie-magazine-2018-2-page-2?lang=fr&redirect-ssocas=7080
999 _c2059245
_d2059245